LEADER 01417nam a2200337 a 4500 001 000000132834 003 CaOOAMICUS 005 20130218103628.0 008 130218s2003 it u000 u ita r 020 $a978-88-06-15282-6 040 $aPUL$bita 041 1 $aita$heng 082 04$a193 100 1 $aKenny, Anthony John Patrick.$0(OLS)http://pul/name/43317 240 10$aFrege.$lItaliano.$0(OLS)http://pul/title/167821 245 10$aFrege :$bun'introduzione /$cAnthony Kenny. 260 $aTorino :$bGiulio Einaudi,$c©2003. 300 $aXI, 240 p. ;$c21 cm. 490 1 $aPiccola biblioteca Einaudi. Nuova serie. Filosofia ;$v222 504 $aBibliografia in nota. 600 14$aFrege, Gottlob,$d1848-1925.$0(OLS)http://pul/subject/23119 650 4$aFilosofia occidentale moderna.$0(OLS)http://pul/subject/37648 830 0$aPiccola biblioteca Einaudi.$pNuova serie$pFilosofia ;$v222.$0(OLS)http://pul/title/142964 850 $aPUL 852 $aPUL$W1$xSL Filosofia 3$y81$m193 KENAN 1$j152755$aRist. del 2011$qDDC 21$B152205$CPULBib$Z2$F152205 $H121656 $82 941 1 $a9 996 $6020$a978-88-06-15282-6$9(OLS)http://pul/number/151853 996 $6082$a193$9(OLS)http://pul/classification/412 996 $6245$aFrege :$bun'introduzione$9(OLS)http://pul/title/167820 996 $6260$aTorino :$bGiulio Einaudi$9(OLS)http://pul/publisher/54573 LEADER 01775nam a2200373 u 4500 001 000000092695 003 CaOOAMICUS 005 20070226124951.0 008 060720s2004 fr u000 u fre u 020 $a2204076252 035 $a11095887 040 $aPUL$bita 041 1 $afre$agrc 100 0 $aClemens, Titus Flavius,$cAlexandrinus,$dc. 150-215/6.$0(OLS)http://pul/name/64266 240 10$aProtrepticus.$9(Clemens, Titus Flavius, Alexandrinus, c. 150-215/6).$lFrancese e greco.$0(OLS)http://pul/title/119612 245 13$aLe Protreptique /$cintroduction, traduction et notes par Claude Mondésert. 250 $a2. èd. rev. et augm. du texte grec /$bavec la collaboration de M. Andrè Plassart. 260 $aParis :$bLes Éditions du Cerf,$c2004. 300 $a213 è. ;$c20 cm 490 1 $aSources chrétiennes ;$v2bis 500 $aRèimprenssion de la 2e éd. avec corrections. 504 $aContiene riferimenti bibliografici e indice. 546 $aTesto greco e trad. francese a fronte. 700 1 $aMondésert, Claude,$cS.I.,$d1906-1990.$0(OLS)http://pul/name/11945 830 0$aSources chrétiennes ;$v2bis.$0(OLS)http://pul/title/45 850 $aPUL 852 $aPUL$W1$xSL Religione 2$y84$mTheol E3 2bis$j116547$nBK-PRI$b $qStampati altre collocazioni$B116547$CPULBib$Z2$F116547 $HPUL102089 $81 900 $aClemente di Alessandria$cs.,$dca. 150-ca. 215$964266 900 $aClemente Alessandrino,$cs.,$dca. 150-ca. 215$964266 900 $aClemens Alexandrinus,$dc. 150-215/6$964266 941 1 $a10 996 $6020$a2204076252$9(OLS)http://pul/number/121893 996 $6245$aLe Protreptique$9(OLS)http://pul/title/119613 996 $6260$aParis :$bLes Éditions du Cerf$9(OLS)http://pul/publisher/47861